| 000 | 00402nam a22001697a 4500 | ||
|---|---|---|---|
| 005 | 20260401154202.0 | ||
| 008 | 160615b xxu||||| |||| 00| 0 eng d | ||
| 020 | _a81-203-2302-5 | ||
| 041 | _aeng | ||
| 082 | _b658.4 | ||
| 100 |
_aSimon, Julian L _91946 |
||
| 245 | _aDeveloping Decision making & skills for business | ||
| 260 |
_bPHI _c2003 |
||
| 300 | _a220 | ||
| 650 | _aManagement | ||
| 942 | _cBK | ||
| 999 |
_c2729 _d2728 |
||